000 00593nam a22002297a 4500
999 _c384454
_d384454
001 98565
003 UA-OsUOA
005 20200422202450.0
007 ta
008 20130416b un ||||| |||| 00| 0 ukr d
040 _aUA-OsUOA
_brus
_cUA-OsUOA
_dUA-OsUOA
041 _arus
080 _a821.162.1
090 _a821.162.1
_bР35
100 _aРеймонт В.
245 _aМужики
_bроман
_n2
260 _aМ.
_bХудож. лит.
_c1981
300 _a518 с.
650 7 _a82 Література. Літературознавство
_2UDC
942 _cBK
_2udc
955 _a3